|
|
|
|
| LEADER |
00000cas a2200000 a 4500 |
| 001 |
vtls010300584 |
| 003 |
SK-MaSNL |
| 005 |
20260228162458.0 |
| 008 |
110810d19341940xo mr p r 0 b0slo |
| 040 |
|
|
|a SNK
|b slo
|c SNK
|e AACR2
|
| 041 |
0 |
|
|a slo
|
| 043 |
|
|
|a e-xo---
|
| 044 |
|
|
|a xo
|c SK
|
| 080 |
|
|
|a 2(051)
|2 2011
|
| 080 |
|
|
|a 050
|2 2011
|
| 245 |
0 |
0 |
|a Večný život
|
| 260 |
|
|
|a Martin
|b Ján Siracký
|c 1934-1940
|
| 300 |
|
|
|a 7 zv.
|c 17-21 cm
|
| 310 |
|
|
|a 1x mesačne
|
| 362 |
0 |
|
|a Roč. I, č. 1 ([febr.1934])-roč. VII, č. 10 (1940)
|
| 500 |
|
|
|a Zodp. red.: Ján Siracký
|
| 500 |
|
|
|a Od r. 1989 rozmer zv. 19 cm, od 9-10/1940 rozmer zv. 17 cm
|
| 520 |
|
|
|a Náboženský časopis baptistov
|
| 610 |
2 |
7 |
|a Baptisti
|2 SNKKA
|9 32677
|
| 655 |
|
7 |
|a náboženské časopisy
|2 SNKPH
|9 70790
|
| 700 |
1 |
|
|a Siracký, Ján,
|d 1925-2017
|4 lso
|9 91375
|
| 910 |
|
|
|a snk
|
| 999 |
|
|
|c 7935
|d 9865
|
| 952 |
|
|
|0 0
|1 0
|4 0
|7 0
|8 3
|a SNK
|b SNK
|d 1999-09-07
|g 0.17
|i snkK 932/99
|l 0
|o snkČSD 174/4/[1937]
|p 17A0203232
|r 2005-01-02 00:00:00
|t č. 10
|w 2026-02-21
|y PREZ
|
| 952 |
|
|
|0 0
|1 0
|4 0
|7 0
|8 3
|a SNK
|b SNK
|d 1999-09-07
|g 0.17
|i snkK 933/99
|l 0
|o snkČSD 174/4/[1937] D1
|p 17A0203233
|r 2005-01-02 00:00:00
|t č. 10
|w 2026-02-21
|y PREZ
|
| 952 |
|
|
|0 0
|1 0
|4 0
|7 0
|8 1
|a SNK
|b SNK
|d 2000-04-11
|i snkD 236/2000
|l 0
|o snkČSD 174/2/[1935]
|p 17A0230649
|r 2005-01-02 00:00:00
|t č. 10
|w 2026-02-21
|y PREZ
|